[Event "SWE-chT 1920 Superettan"]
[Site "Sweden"]
[Date "2020.02.01"]
[Round "5"]
[White "Backlund, Anders"]
[Black "Lindgren, Fredrik"]
[Result "1-0"]
[WhiteElo "2293"]
[BlackElo "2262"]
[PlyCount "69"]
[EventDate "2019.10.18"]
[EventType "team-tourn"]
[EventRounds "9"]
[EventCountry "SWE"]
[SourceTitle "EXT 2023"]
[Source "ChessBase"]
[SourceDate "2022.10.05"]
[SourceVersion "1"]
[SourceVersionDate "2022.10.05"]
[SourceQuality "1"]
[WhiteTeam "Kungstornet"]
[BlackTeam "Umea Rockaden"]
[WhiteTeamCountry "SWE"]
[BlackTeamCountry "SWE"]

1. c4 c5 2. Nc3 e6 3. Nf3 d5 4. cxd5 exd5 5. d4 Nc6 6. g3 Nf6 7. Bg2 cxd4 8. Nxd4 Be7 9. 0-0 0-0 10. b3 Re8 11. Bb2 Bc5 12. Nxc6 bxc6 13. Na4 Bf8 14. Qc2 Bd7 15. Bd4 Ne4 16. e3 Qa5 17. Rfc1 Rac8 18. Nc5 Bf5 19. Nxe4 Bxe4 20. Bxe4 Rxe4 21. Bc5 g6 22. Bxf8 Kxf8 23. Qd3 Qb6 24. Rc3 f5 25. Rac1 Kf7 26. Rc5 Rc7 27. Qc3 d4 28. exd4 Rd7 29. Qc4+ Kg7 30. Rd1 Rd6 31. Qc3 Kg8 32. d5 cxd5 33. Rc8+ Kf7 34. Qh8 Re7 35. Qf8+ 1-0

[Event "SWE-chT 1819 Superettan"]
[Site "Sweden"]
[Date "2019.03.31"]
[Round "9"]
[White "Backlund, Anders"]
[Black "Persson, Mats"]
[Result "1/2-1/2"]
[WhiteElo "2307"]
[BlackElo "2283"]
[PlyCount "25"]
[EventDate "2018.11.09"]
[EventType "team-tourn"]
[EventRounds "9"]
[EventCountry "SWE"]
[SourceTitle "EXT 2020"]
[Source "ChessBase"]
[SourceDate "2019.10.17"]
[SourceVersion "1"]
[SourceVersionDate "2019.10.17"]
[SourceQuality "1"]
[WhiteTeam "Kungstornet"]
[BlackTeam "Burgsvik Alva"]
[WhiteTeamCountry "SWE"]
[BlackTeamCountry "SWE"]

1. c4 e5 2. Nc3 Nc6 3. g3 g6 4. Bg2 Bg7 5. d3 d6 6. e4 f5 7. Nge2 Nf6 8. 0-0 0-0 9. Nd5 Nh5 10. exf5 Bxf5 11. h3 Be6 12. Be3 Qd7 13. Kh2 1/2-1/2

[Event "SWE-chT 1718 Elite"]
[Site "Sweden"]
[Date "2017.10.21"]
[Round "2.3"]
[White "Hjelm, Niclas"]
[Black "Backlund, Anders"]
[Result "1/2-1/2"]
[WhiteElo "2358"]
[BlackElo "2321"]
[PlyCount "106"]
[EventDate "2017.10.20"]
[EventType "team-tourn"]
[EventRounds "9"]
[EventCountry "SWE"]
[SourceTitle "CBM 181 Extra"]
[Source "ChessBase"]
[SourceDate "2017.12.12"]
[SourceVersion "1"]
[SourceVersionDate "2017.12.12"]
[SourceQuality "1"]
[WhiteTeam "Farsta"]
[BlackTeam "Kungstornet"]
[WhiteTeamCountry "SWE"]
[BlackTeamCountry "SWE"]

1. d4 Nf6 2. c4 g6 3. Nc3 d5 4. Nf3 Bg7 5. Qb3 dxc4 6. Qxc4 0-0 7. e4 c6 8. Be2 Nbd7 9. 0-0 Nb6 10. Qd3 Be6 11. Rd1 Bc4 12. Qc2 Bxe2 13. Qxe2 Qc8 14. Bf4 Nh5 15. Be3 f5 16. exf5 Qxf5 17. Re1 Rae8 18. Rad1 e6 19. Bc1 Nf4 20. Bxf4 Qxf4 21. h3 Rf5 22. Rd3 Nd5 23. Nxd5 Rxd5 24. Re3 Qd6 25. Rxe6 Rxe6 26. Qxe6+ Qxe6 27. Rxe6 Bxd4 28. Nxd4 Rxd4 29. Re7 Rb4 30. b3 a5 31. Kh2 a4 32. bxa4 Rxa4 33. Rxb7 Rxa2 34. Kg3 c5 35. Rc7 Rc2 36. Kf3 h5 37. h4 c4 38. Ke3 c3 39. g3 Kf8 40. f3 Rg2 41. Kf4 c2 42. g4 hxg4 43. fxg4 Ke8 44. h5 gxh5 45. gxh5 Kd8 46. Rc3 Ke7 47. h6 Kf7 48. h7 Kg7 49. Rc7+ Kh8 50. Ke3 Rh2 51. Kd3 Rg2 52. Rxc2 Rxc2 53. Kxc2 Kxh7 1/2-1/2

[Event "SWE-chT 1617"]
[Site "Sweden"]
[Date "2017.03.24"]
[Round "7.4"]
[White "Backlund, Anders"]
[Black "Hillarp Persson, Tiger"]
[Result "0-1"]
[WhiteElo "2314"]
[BlackElo "2513"]
[PlyCount "100"]
[EventDate "2016.10.14"]
[EventType "team-tourn"]
[EventRounds "9"]
[EventCountry "SWE"]
[SourceTitle "CBM 177 Extra"]
[Source "ChessBase"]
[SourceDate "2017.04.27"]
[SourceVersion "1"]
[SourceVersionDate "2017.04.27"]
[SourceQuality "1"]
[WhiteTeam "Kungstornet"]
[BlackTeam "Lunds"]
[WhiteTeamCountry "SWE"]
[BlackTeamCountry "SWE"]

1. e4 g6 2. d4 Bg7 3. Nc3 d6 4. Be3 a6 5. h4 Nf6 6. f3 b5 7. Qd2 h6 8. 0-0-0 Nbd7 9. Kb1 Nb6 10. Bd3 c6 11. Nh3 b4 12. Ne2 a5 13. Nf2 h5 14. Rdg1 Qc7 15. g4 c5 16. e5 dxe5 17. dxc5 Na4 18. g5 Nd7 19. Bb5 Naxc5 20. Qd5 0-0 21. Qc6 Ra7 22. Ne4 Qxc6 23. Bxc6 Rc7 24. Bxd7 Nxd7 25. Rd1 Bb7 26. Rd2 Bc6 27. Rhd1 Rb8 28. Nc1 a4 29. Nd3 Rcc8 30. b3 f5 31. gxf6 exf6 32. Nb2 axb3 33. axb3 Bxe4 34. fxe4 Nf8 35. Nc4 Rc7 36. Nb6 Ne6 37. Nd5 Rf7 38. Rg2 Kh7 39. Rdg1 Nf8 40. Bc5 Ne6 41. Be3 Nf4 42. Nxf4 exf4 43. Bxf4 Re8 44. e5 fxe5 45. Bd2 e4 46. Bxb4 Ra7 47. c3 Rea8 48. Kc2 Bh6 49. Kd1 Ra1+ 50. Ke2 R8a2# 0-1

[Event "SWE-chT 1617"]
[Site "Sweden"]
[Date "2016.10.14"]
[Round "1.4"]
[White "Backlund, Anders"]
[Black "Lindberg, Bo"]
[Result "1/2-1/2"]
[WhiteElo "2314"]
[BlackElo "2402"]
[PlyCount "98"]
[EventDate "2016.10.14"]
[EventType "team-tourn"]
[EventRounds "9"]
[EventCountry "SWE"]
[SourceTitle "EXT 2017"]
[Source "ChessBase"]
[SourceDate "2016.10.25"]
[SourceVersion "1"]
[SourceVersionDate "2016.10.25"]
[SourceQuality "1"]
[WhiteTeam "Kungstornet"]
[BlackTeam "Team Viking"]
[WhiteTeamCountry "SWE"]
[BlackTeamCountry "SWE"]

1. e4 c5 2. Nf3 d6 3. d4 cxd4 4. Nxd4 Nf6 5. Nc3 a6 6. f4 e5 7. Nf3 Nbd7 8. a4 Be7 9. Bd3 0-0 10. 0-0 Nc5 11. Kh1 d5 12. fxe5 Nfxe4 13. Nd4 Be6 14. Nxe4 dxe4 15. Nxe6 fxe6 16. Rxf8+ Qxf8 17. Bc4 Qf5 18. Be3 Rd8 19. Bd4 Nxa4 20. Qg1 b5 21. Rf1 Qg6 22. Bb3 h5 23. Qe3 Bg5 24. Qf2 Kh8 25. c3 Be7 26. Qe2 Nc5 27. Bxc5 Bxc5 28. Bc2 Rd5 29. b4 Be7 30. Bxe4 Rxe5 31. Re1 Qg5 32. Qd3 Qf4 33. g3 Qg4 34. Kg2 h4 35. Bf3 Qg5 36. Rxe5 Qxe5 37. Qg6 Qf6 38. Qh5+ Kg8 39. Be4 hxg3 40. hxg3 g5 41. Qe8+ Kg7 42. Kh3 Qf7 43. Qxf7+ Kxf7 44. Bb7 Bf6 45. Bxa6 Bxc3 46. Bxb5 Bxb4 47. Kg4 Kf6 48. Kf3 Ke5 49. g4 Kd4 1/2-1/2

[Event "Hasselbacken op"]
[Site "Stockholm"]
[Date "2016.05.04"]
[Round "5"]
[White "Backlund, Anders"]
[Black "Greenfeld, Alon"]
[Result "1/2-1/2"]
[WhiteElo "2287"]
[BlackElo "2541"]
[PlyCount "59"]
[EventDate "2016.04.30"]
[EventType "swiss"]
[EventRounds "9"]
[EventCountry "SWE"]
[SourceTitle "CBM 172 Extra"]
[Source "ChessBase"]
[SourceDate "2016.06.21"]
[SourceVersion "1"]
[SourceVersionDate "2016.06.21"]
[SourceQuality "1"]

1. e4 c5 2. Nf3 Nc6 3. d4 cxd4 4. Nxd4 Nf6 5. Nc3 d6 6. Bg5 e6 7. Qd2 Be7 8. 0-0-0 a6 9. f3 Nxd4 10. Qxd4 0-0 11. h4 b5 12. Kb1 Bb7 13. Qd2 Rc8 14. Bd3 Nd7 15. Bxe7 Qxe7 16. Ne2 Rfd8 17. Qg5 Nf6 18. Nd4 h6 19. Qe3 h5 20. Rh3 g6 21. Rg3 Kh7 22. Rg5 e5 23. Ne2 Qc7 24. g4 d5 25. exd5 Bxd5 26. gxh5 e4 27. hxg6+ fxg6 28. fxe4 Bxe4 29. Rgg1 Qc5 30. Qxc5 1/2-1/2

[Event "Hasselbacken op"]
[Site "Stockholm"]
[Date "2016.05.03"]
[Round "4"]
[White "Bit Narva, David"]
[Black "Backlund, Anders"]
[Result "0-1"]
[WhiteElo "2127"]
[BlackElo "2287"]
[PlyCount "82"]
[EventDate "2016.04.30"]
[EventType "swiss"]
[EventRounds "9"]
[EventCountry "SWE"]
[SourceTitle "CBM 172 Extra"]
[Source "ChessBase"]
[SourceDate "2016.06.21"]
[SourceVersion "1"]
[SourceVersionDate "2016.06.21"]
[SourceQuality "1"]

1. e4 e6 2. d4 d5 3. Nc3 Bb4 4. Bd2 Ne7 5. a3 Ba5 6. exd5 exd5 7. Bd3 Nbc6 8. Nce2 Bb6 9. c3 Bf5 10. Nf4 0-0 11. Nf3 Qd7 12. Qc2 Bxd3 13. Qxd3 Ng6 14. Nxg6 hxg6 15. 0-0 Rfe8 16. Ng5 f6 17. Nf3 Re4 18. Be3 Qf5 19. a4 a6 20. Nd2 Re7 21. Qxf5 gxf5 22. h4 Kf7 23. b4 Rh8 24. g3 Nd8 25. c4 f4 26. Bxf4 Bxd4 27. Rac1 Ne6 28. Nf3 Nxf4 29. gxf4 Bb6 30. a5 Ba7 31. cxd5 Rd8 32. Rfd1 Red7 33. Rd2 Bb8 34. Rcd1 c6 35. dxc6 Rxd2 36. Rxd2 Rxd2 37. Nxd2 bxc6 38. Ne4 Ke6 39. Nc5+ Kd5 40. f5 Bd6 41. Nxa6 Kc4 0-1

[Event "SWE-chT 1415 Elite"]
[Site "Sweden"]
[Date "2014.11.23"]
[Round "3"]
[White "Lissang, Christopher"]
[Black "Backlund, Anders"]
[Result "1/2-1/2"]
[WhiteElo "2273"]
[BlackElo "2269"]
[PlyCount "36"]
[EventDate "2014.11.21"]
[EventType "team-tourn"]
[EventRounds "9"]
[EventCountry "SWE"]
[SourceTitle "EXT 2016"]
[Source "ChessBase"]
[SourceDate "2015.10.08"]
[SourceVersion "1"]
[SourceVersionDate "2015.10.08"]
[SourceQuality "1"]
[WhiteTeam "Farsta"]
[BlackTeam "Kungstornet"]
[WhiteTeamCountry "SWE"]
[BlackTeamCountry "SWE"]

1. d4 e6 2. Nf3 c5 3. c4 cxd4 4. Nxd4 Nf6 5. Nc3 a6 6. g3 Qc7 7. Bg2 Be7 8. 0-0 0-0 9. e4 d6 10. Be3 Nbd7 11. Rc1 Rb8 12. f4 Re8 13. g4 Nb6 14. b3 Bf8 15. g5 Nfd7 16. Qd2 Nc5 17. Kh1 Bd7 18. Rf2 Rbd8 1/2-1/2

[Event "SWE-chT 0203"]
[Site "Sweden"]
[Date "2002.10.13"]
[Round "3"]
[White "Backlund, Anders"]
[Black "Eriksson, Jonas"]
[Result "1/2-1/2"]
[WhiteElo "2256"]
[BlackElo "2280"]
[PlyCount "94"]
[EventDate "2002.10.11"]
[EventType "team-tourn"]
[EventRounds "11"]
[EventCountry "SWE"]
[SourceTitle "EXT 2004"]
[Source "ChessBase"]
[SourceDate "2003.11.25"]
[SourceVersion "1"]
[SourceVersionDate "2003.11.25"]
[SourceQuality "1"]
[WhiteTeam "Manhem"]
[BlackTeam "Sollentuna"]
[WhiteTeamCountry "SWE"]
[BlackTeamCountry "SWE"]

1. c4 e5 2. Nc3 Nc6 3. g3 g6 4. Bg2 Bg7 5. d3 f5 6. e4 d6 7. Nge2 Nge7 8. 0-0 0-0 9. Nd5 Nxd5 10. exd5 Nd4 11. Nxd4 exd4 12. Bd2 a5 13. b3 Bd7 14. a3 g5 15. f4 g4 16. b4 axb4 17. axb4 Qf6 18. Qb3 h5 19. Qb2 h4 20. Rxa8 Rxa8 21. Ra1 Re8 22. Re1 h3 23. Rxe8+ Bxe8 24. Bf1 b5 25. Qa1 Qe7 26. Qe1 Qf7 27. Bc1 Kf8 28. Bb2 c6 29. Qf2 Qa7 30. cxb5 cxb5 31. Qe1 Bf7 32. Qa1 Qxa1 33. Bxa1 Bxd5 34. Bb2 Ke7 35. Bc1 Bb3 36. Bd2 Ke6 37. Be1 Kd5 38. Bd2 Bh6 39. Be1 Kc6 40. Bd2 Bf8 41. Be1 Bd1 42. Bd2 Be7 43. Be1 Bd8 44. Bd2 Bb6 45. Be1 Bb3 46. Bd2 d5 47. Be1 Bc2 1/2-1/2

[Event "Politiken Cup 21st"]
[Site "Copenhagen"]
[Date "1999.07.05"]
[Round "3"]
[White "Pedersen, Steffen"]
[Black "Backlund, Anders"]
[Result "1-0"]
[WhiteElo "2427"]
[BlackElo "2265"]
[PlyCount "87"]
[EventDate "1999.07.04"]
[EventType "swiss"]
[EventRounds "11"]
[EventCountry "DEN"]
[SourceTitle "CBM 071 Extra"]
[Source "ChessBase"]
[SourceDate "1999.09.14"]
[SourceVersion "1"]
[SourceVersionDate "1999.09.14"]
[SourceQuality "1"]

1. d4 Nf6 2. c4 g6 3. Nc3 Bg7 4. Bg5 d6 5. e3 h6 6. Bh4 Nbd7 7. Nf3 0-0 8. Be2 e5 9. 0-0 g5 10. Bg3 Nh5 11. dxe5 Nxg3 12. hxg3 dxe5 13. g4 c6 14. Nd2 Nf6 15. Nce4 Be6 16. Nxf6+ Qxf6 17. Qc2 Qe7 18. Rad1 Rad8 19. Ne4 Rxd1 20. Rxd1 Rd8 21. Rxd8+ Qxd8 22. b3 b6 23. Ng3 Qd7 24. f3 Kf8 25. Bd3 Kg8 26. Kf2 Bf8 27. Ke2 Bg7 28. Bh7+ Kf8 29. Bf5 Kg8 30. Bxe6 Qxe6 31. Qd3 Bf8 32. Qd8 Qe7 33. Qxe7 Bxe7 34. Kd3 f6 35. Ke4 Kf7 36. Kf5 Bc5 37. Ne4 Bxe3 38. Nxf6 Bd4 39. Nd7 c5 40. Nxe5+ Kg7 41. Nc6 Bc3 42. Nxa7 Kf7 43. Nc8 Ba5 44. Ke5 1-0

[Event "Saarlouis op 2nd"]
[Site "Saarlouis"]
[Date "1999.06.01"]
[Round "5"]
[White "Schaffarth, Peter"]
[Black "Backlund, Anders"]
[Result "0-1"]
[WhiteElo "2495"]
[BlackElo "2183"]
[PlyCount "45"]
[EventDate "1999.05.??"]
[EventType "swiss"]
[EventRounds "9"]
[EventCountry "GER"]
[SourceTitle "EXT 2006"]
[Source "ChessBase"]
[SourceDate "2005.11.24"]
[SourceVersion "1"]
[SourceVersionDate "2005.11.24"]
[SourceQuality "1"]

1. e4 c5 2. d4 cxd4 3. Qxd4 Nc6 4. Qe3 e6 5. c4 b6 6. Bd2 Bc5 7. Qg3 Nb4 8. Bd3 Qf6 9. Nh3 h5 10. Ke2 h4 11. e5 hxg3 12. exf6 Nxd3 13. fxg7 Rxh3 14. gxh3 Nxf2 15. Rf1 g2 16. Rg1 Bb7 17. b4 Nxh3 18. Rxg2 Bxg2 19. bxc5 bxc5 20. Nc3 f6 21. Nd1 Kf7 22. Rb1 Nf2 23. Rb3 0-1

[Event "SWE-chT 9899"]
[Site "Sweden"]
[Date "1999.??.??"]
[Round "8"]
[White "Backlund, Anders"]
[Black "Nyberg, Ulf"]
[Result "1/2-1/2"]
[WhiteElo "2289"]
[BlackElo "2123"]
[PlyCount "81"]
[EventDate "1998.??.??"]
[EventType "team-tourn"]
[EventRounds "11"]
[EventCountry "SWE"]
[SourceTitle "EXT 2000"]
[Source "ChessBase"]
[SourceDate "1999.11.16"]
[SourceVersion "1"]
[SourceVersionDate "1999.11.16"]
[SourceQuality "1"]

1. e4 d6 2. d4 g6 3. Nc3 Bg7 4. Be3 a6 5. a4 Nc6 6. h3 e5 7. dxe5 dxe5 8. Qxd8+ Nxd8 9. Nd5 Ne6 10. Nf3 Ne7 11. c3 Bd7 12. Bc4 Nxd5 13. exd5 Nf4 14. 0-0 0-0 15. Rfe1 b5 16. axb5 axb5 17. Rxa8 Rxa8 18. Bxf4 exf4 19. Re7 Rd8 20. Bb3 Bf6 21. Re4 g5 22. Ne5 Bf5 23. Ng4 Kg7 24. Nxf6 Kxf6 25. Re1 Rd7 26. Ra1 Ke5 27. Ra8 Bd3 28. f3 Bc4 29. Bxc4 bxc4 30. Ra4 Kxd5 31. Ra5+ c5 32. Ra1 Rb7 33. Rd1+ Kc6 34. Rd2 Rd7 35. Rxd7 Kxd7 36. Kf2 Kc6 37. Ke2 Kb5 38. Kd2 Ka4 39. Kc2 h6 40. Kc1 Kb3 41. Kb1 1/2-1/2

[Event "SWE-chT 9899"]
[Site "Sweden"]
[Date "1998.11.07"]
[Round "4"]
[White "Backlund, Anders"]
[Black "Couso, Luis"]
[Result "0-1"]
[WhiteElo "2265"]
[BlackElo "2255"]
[PlyCount "82"]
[EventDate "1998.??.??"]
[EventType "team-tourn"]
[EventRounds "11"]
[EventCountry "SWE"]
[SourceTitle "EXT 2000"]
[Source "ChessBase"]
[SourceDate "1999.11.16"]
[SourceVersion "1"]
[SourceVersionDate "1999.11.16"]
[SourceQuality "1"]

1. e4 e6 2. d4 d5 3. Nc3 Bb4 4. exd5 exd5 5. Bd3 Nf6 6. Nge2 0-0 7. 0-0 Re8 8. Bg5 c6 9. f4 Bg4 10. h3 Bxe2 11. Nxe2 Nbd7 12. c3 Bf8 13. f5 Qb6 14. Qd2 c5 15. Rad1 c4 16. Bb1 Qc6 17. g4 h6 18. Bf4 b5 19. Ng3 a5 20. Bc2 b4 21. Rb1 Bd6 22. Kg2 Rab8 23. Bxd6 Qxd6 24. Rfe1 b3 25. axb3 cxb3 26. Bd3 Rxe1 27. Rxe1 a4 28. Ra1 Nb6 29. Kf3 Ra8 30. Qd1 h5 31. g5 h4 32. Ne2 Ne4 33. Bxe4 dxe4+ 34. Kg4 Nc4 35. Kxh4 Nxb2 36. Qh1 Qd5 37. Nf4 Qxf5 38. Rf1 Ra5 39. Qg2 Nc4 40. Nh5 Ne3 41. Rxf5 Nxf5+ 0-1

[Event "SWE Cup qf"]
[Site "Oerebro"]
[Date "1998.??.??"]
[Round "?"]
[White "Olsson, Per"]
[Black "Backlund, Anders"]
[Result "0-1"]
[WhiteElo "2060"]
[BlackElo "2265"]
[PlyCount "58"]
[EventDate "1998.??.??"]
[EventType "team-tourn"]
[EventRounds "1"]
[EventCountry "SWE"]
[SourceTitle "EXT 2000"]
[Source "ChessBase"]
[SourceDate "1999.11.16"]
[SourceVersion "1"]
[SourceVersionDate "1999.11.16"]
[SourceQuality "1"]

1. e4 e6 2. d4 d5 3. Nd2 Nf6 4. e5 Nfd7 5. Bd3 c5 6. c3 Nc6 7. Ne2 Qb6 8. Nf3 cxd4 9. cxd4 f6 10. exf6 Nxf6 11. 0-0 Bd6 12. a3 0-0 13. b4 e5 14. dxe5 Nxe5 15. Nfd4 Bd7 16. Bg5 Rae8 17. Rc1 Bb8 18. Qb3 Kh8 19. Bb1 Ne4 20. Bxe4 dxe4 21. Bh4 Nf3+ 22. gxf3 exf3 23. Nxf3 Rxe2 24. Qd3 Bb5 25. Qc3 Qg6+ 26. Bg3 Re4 27. Rce1 Bxf1 28. Rxe4 Qxe4 29. Nh4 Bh3 0-1